| 000 | 00491nam a2200169Ia 4500 | ||
|---|---|---|---|
| 008 | 220216s9999 xx 000 0 und d | ||
| 100 | _aGeorge K.E. | ||
| 245 | 0 | _aModification of polysulphide rubber using butadiene-acrylonitrile co-polymer/PVC blend | |
| 260 |
_bJournal of Materials Science Letters _c1986 |
||
| 300 | _a1221-1223 | ||
| 650 | _aPolysulphide rubber | ||
| 650 | _aPVC blend | ||
| 700 | _aFrancis D.J. | ||
| 700 | _aJoseph R.[a] | ||
| 700 | _aVarkey J.K. | ||
| 942 | _cBS | ||
| 999 |
_c50907 _d50907 |
||